Debugging the development process :practical strategies for staying focused, hitting ship dates, and building solid teams -(E-BOOK) (Record no. 192236)
[ view plain ]
| 000 -LEADER | |
|---|---|
| fixed length control field | 01086 a2200217 4500 |
| 003 - CONTROL NUMBER IDENTIFIER | |
| control field | Nust |
| 005 - DATE AND TIME OF LATEST TRANSACTION | |
| control field | 20170207154033.0 |
| 010 ## - LIBRARY OF CONGRESS CONTROL NUMBER | |
| LC control number | 94022182 |
| 020 ## - INTERNATIONAL STANDARD BOOK NUMBER | |
| International Standard Book Number | 1556156502 : |
| 040 ## - CATALOGING SOURCE | |
| Transcribing agency | Nust |
| 082 00 - DEWEY DECIMAL CLASSIFICATION NUMBER | |
| Classification number | 005.1068 |
| 100 1# - MAIN ENTRY--PERSONAL NAME | |
| Personal name | Maguire, Steve. |
| 245 10 - TITLE STATEMENT | |
| Title | Debugging the development process :practical strategies for staying focused, hitting ship dates, and building solid teams -(E-BOOK) |
| Statement of responsibility, etc. | Steve Maguire. |
| Medium | 005.1068 |
| 260 ## - PUBLICATION, DISTRIBUTION, ETC. | |
| Place of publication, distribution, etc. | Redmond, Wash. : |
| Name of publisher, distributor, etc. | Microsoft Press, |
| Date of publication, distribution, etc. | c1994. |
| 300 ## - PHYSICAL DESCRIPTION | |
| Extent | xx, 183 p. : |
| Other physical details | ill. ; |
| Dimensions | 24 cm. |
| 505 ## - FORMATTED CONTENTS NOTE | |
| Formatted contents note | Preface (Page-Xi), Introduction (Page-Xv), Laying The Groundwork (Page-1), The Systematic Approach (Page-23), Of Strategic Importance (Page-45), Unbridled Enthusiasm (Page-73), Scheduling Madness (Page-91), Constant, Unceasing Improvement (Page-107), It's All About Attitude (Page-125), That Sinking Feeling (Page-151). |
| 650 #0 - SUBJECT ADDED ENTRY--TOPICAL TERM | |
| Topical term or geographic name entry element | Computer software |
| General subdivision | Development. |
| 650 #0 - SUBJECT ADDED ENTRY--TOPICAL TERM | |
| Topical term or geographic name entry element | Debugging in computer science. |
| 651 ## - SUBJECT ADDED ENTRY--GEOGRAPHIC NAME | |
| Geographic name | E-BOOK |
| 856 42 - ELECTRONIC LOCATION AND ACCESS | |
| Materials specified | Publisher description |
| Uniform Resource Identifier | <a href="http://www.loc.gov/catdir/enhancements/fy1004/94022182-d.html">http://www.loc.gov/catdir/enhancements/fy1004/94022182-d.html</a> |
| 942 ## - ADDED ENTRY ELEMENTS (KOHA) | |
| Source of classification or shelving scheme | |
| Koha item type | Book |
| Withdrawn status | Lost status | Source of classification or shelving scheme | Damaged status | Not for loan | Collection code | Permanent Location | Current Location | Date acquired | Total Checkouts | Full call number | Barcode | Date last seen | Price effective from | Koha item type |
|---|---|---|---|---|---|---|---|---|---|---|---|---|---|---|
| Military College of Signals (MCS) | Military College of Signals (MCS) | 12/12/2016 | 005.1068 MAG | MCSEB-1251 | 12/08/2016 | 12/12/2016 | Book |
